| 000 | 00444nam a22001817a 4500 | ||
|---|---|---|---|
| 999 |
_c6933 _d6931 |
||
| 005 | 20210904122544.0 | ||
| 008 | 200608b xxu||||| |||| 00| 0 eng d | ||
| 020 | _a978-93-84852-61-0 | ||
| 041 | _aeng | ||
| 082 | _a346.4202 | ||
| 100 |
_aKAPOOR, DR, S.K. _95871 |
||
| 245 | _aLAW OF CONTRACT - II | ||
| 250 | _a15th ed. 2019. | ||
| 260 |
_aALLAHABAD _bCENTRAL LAW AGENCY |
||
| 300 | _a399,; xxxvp. | ||
| 650 |
_aLAW _95701 |
||
| 942 | _cBK | ||